000 00869nam a2200337 a 4500
003 AR-BaBNM
005 20251128204505.0
008 082120s2002 ||||||||||||||000 | spa||
040 _cAR-BaBNM
100 1 _aMesser, August
245 0 0 _aFilosofía y educación
250 _a8ª ed.
260 _aBuenos Aires
_bLosada
_c1969
300 _a159 p.
490 0 _aBiblioteca pedagógica
650 4 _aFILOSOFIA DE LA EDUCACION
650 4 _aFINALIDADES DE LA EDUCACION
650 4 _aTEORIA DEL CONOCIMIENTO
650 4 _aPSICOLOGIA
650 4 _aLOGICA
650 4 _aRELIGION
650 4 _aPEDAGOGIA EXPERIMENTAL
650 4 _aEPISTEMOLOGIA
650 4 _aIDEALISMO
650 4 _aMETAFISICA
650 4 _aVALORES CULTURALES
700 1 _aXirau, Joaquín
_etraductor
800 1 _aLuzuriaga, Lorenzo
_efundador
942 _cBK
998 _cCarmen
999 _c7620
_d7620